| 000 | 00856 a2200289 4500 | ||
|---|---|---|---|
| 999 |
_c71364 _d19754 |
||
| 001 | 71364 | ||
| 003 | TR-AnTOB | ||
| 005 | 20250620074104.0 | ||
| 008 | 080725s1970 tu 00001 tur | ||
| 040 |
_aTR-AnTOB _beng _cTR-AnTOB _erda |
||
| 041 | _atur | ||
| 050 |
_aPL248.K57 _bH55 1970 |
||
| 090 | _aPL248.K57 H55 1970 | ||
| 100 |
_aKısakürek, Necip Fâzıl, _d1904-1983 _945817 |
||
| 245 | 0 |
_aHikayelerim / _cNecip Fazıl Kısakürek. |
|
| 246 | 3 |
_aHikayelerim : _bşaheserlerden kırk seçme. |
|
| 264 | 1 |
_aİstanbul: _bToker Yayınları, _c1970. |
|
| 300 |
_a270 s.; _c20 cm. |
||
| 590 |
_aSn. Celil Güngör tarafından _cbağışlanmıştır. |
||
| 650 | 7 |
_aKısa hikayeler, Türk _2etuturkob _948475 |
|
| 650 | 0 |
_aTürk edebiyatı _986354 |
|
| 902 | _a0024748 | ||
| 903 | _aMerkez Kütüphane | ||
| 942 |
_cBK _2lcc |
||
| 945 | _aAY, kntrl. | ||